000 01604cam a22004334a 4500
001 muse91964
003 MdBmJHUP
005 20210127151822.0
006 m o d
007 cr||||||||nn|n
008 091001s2009 miu o 00 0 eng d
010 _z 2009041181
020 _a9780472901616
020 _z9781929280551 (pbk. : alk. paper)
035 _a(OCoLC)1184508492
040 _aMdBmJHUP
_cMdBmJHUP
043 _aa-ja---
050 0 4 _aPL839.A7
_bZ626 2009
082 0 _a895.6/344
_222
245 0 4 _aThe Grand Old Man and the Great Tradition
_bEssays on Tanizaki Jun'ichiro in Honor of Adriana Boscaro /
_cedited by Luisa Bienati and Bonaventura Ruperti.
264 1 _bCenter for Japanese Studies, The University of Michigan,
264 3 _bProject MUSE,
300 _a1 online resource (vii, 167 p.) :
_bill. ;
504 _aIncludes bibliographical references.
506 0 _aOpen Access
_fUnrestricted online access
_2star
588 _aDescription based on print version record.
600 1 1 _aTanizaki, Junʼichirō,
_d1886-1965
_xCriticism and interpretation.
655 7 _aElectronic books.
_2local
700 1 _aRuperti, Bonaventura,
_d1959-
700 1 _aBienati, Luisa.
700 1 _aBoscaro, Adriana.
710 2 _aProject Muse.
_edistributor
830 0 _aBook collections on Project MUSE.
856 4 0 _zFull text available:
_uhttps://muse.jhu.edu/book/77767/
999 _c27153
_d27153